000 01442nam0a2200373 4500
001 RU\NLR\BIBL_A\010021983
005 20260406065709.0
010 _a978-5-9925-0897-0
_92000
021 _aRU
_b2013-94355
_96542
035 _a(NILC)RuMoRGB-006703141
035 _a(NLR Aleph) 010021983
090 _a9905983
_c9905983
100 _a20140116d2013 |||y0rusy50 ca
101 0 _aeng
_arus
102 _aRU
105 _ay |||||||||
200 1 _aThe wonderful wizard of Oz
_e[книга для чтения на английском языке]
_fLyman Frank Baum
_gкоммент. и слов. Е. Г. Тигонен
210 _aСанкт-Петербург
_cКАРО
_dcop. 2013
215 _a188, [3] с.
_d17
225 1 _aEnglish
_iClassical literature
300 _aВ вып. дан.: Волшебник из страны Оз /Лаймен Фрэнк Баум
300 _aПредисл. на рус. яз.
333 _a16+
517 0 _aВолшебник из страны Оз
606 _aАнглийский язык
_jКниги для чтения
_9972309
_3RU\NLR\AUTH\6646032
675 _a811.111(075.4)
686 1 _aШ143.21-93рус91
700 1 _8eng
_7ba
_aBaum
_bL.F.
_f1856-1919
_gLyman Frank
_3RU\NLR\AUTH\7715165
_9124823
801 0 _aRU
_bRuMoRKP
_c20131121
_gRCR
801 2 _aRU
_bРГБ
_c20131209
_grcr
942 _cBOOK
980 _aNB